Reading 3

Saved in:
書目詳細資料
Main Authors: Greenall, Simon (Author), Pye, Diana (Author)
格式: 圖書
語言:英语
出版: Cambridge Cambridge Universirty Press 1992
叢編:Cambridge Skills for fluency
主題:
標簽: 添加標簽
沒有標簽, 成為第一個標記此記錄!

MARC

LEADER 00000nam a2200000 a 4500
001 UCX8324
003 CL-VaPUC
008 940324e19920000UK |||||||||||||||||eng|d
082 0 4 |a 428.6  |b GRE  |2 21 
100 0 |a Greenall, Simon  |e author  |9 325430 
700 0 |a Pye, Diana  |e author  |9 325431 
245 1 0 |a Reading 3 
300 |a 90 p 
942 |c BK 
945 |d 19940324 00:00:00  |a rbrito 
260 |a Cambridge  |b Cambridge Universirty Press  |c 1992 
650 7 |a INGLES EJERCICIOS DE LECTURA  |2 CL-VaPUC  |9 315288 
650 7 |a INGLES COMPRENSION  |2 CL-VaPUC  |9 313403 
583 |a last modification  |c 20120712 12:14:21  |k Rodrigo Vera 
490 0 |a Cambridge Skills for fluency 
999 |c 227867  |d 227865 
952 |0 0  |1 0  |4 0  |6 428_600000000000000_GRE_1992  |7 0  |8 A  |9 227146  |a BIBEDU  |b BIBEDU  |d 2019-11-15  |i 2962497  |o 428.6 GRE 1992  |p 2962497  |r 2019-11-15  |w 2019-11-15  |y BK  |k LIT